000 00811nam a2200253Ia 4500
003 OSt
005 20220923214735.0
006 a|||||r|||| 00| 0
007 ta
008 220922b |||||||| |||| 00| 0 hin d
024 _a172,161
037 _cTextual
040 _aARTS
_cARTS
_bhin
041 _2hin
_ahin
082 _aO142,1M18,1, 152N7
100 _aतुगेनेव, इवान
_9156275
245 0 _aप्रथम प्रेम
246 _aPratham prema
260 _aदिल्ली
_b राष्ट्रवाणी प्रकाशन
_c1997
300 _a103 पृ.
_ccm.
650 _aहिन्दी साहित्य
_9156264
942 _hO142,1M18,1, 152N7
_cTEXL
_2CC
999 _c326285
_d326285